00916cam a2200253 a 450000100100000000500170001000800410002702000150006802000150008304000290009808200200012710000440014724500760019126000390026730000210030649000420032765000260036965000400039583000490043591000280048404900090051295201240052199900170064500001807220200929165337.0900514s1989 sp 000 f spa d a8401421152 a8401429625 aDO-SdBNPbspacLCdBNPHU aPe863.44bB916h1 aBryce Echenique, Alfredo,d1939-91506713aEl hombre que hablaba de Octavia de Cádiz /cAlfredo Bryce Echenique. aBarcelona :bPlaza & Janes,c1989. a374 p. ;c22 cm.1 aBiblioteca de Alfredo Bryce Echenique 4aNovela peruana912569 4aLiteratura peruanaySIGLO XX914789 0aBiblioteca de Alfredo Bryce Echenique939171 aCatalogación derivada aBNGR 001054708MOaGRbGRcCTd2010-04-13iLF1l0oPe863.44 B916hp18072-10r2020-06-25w2020-06-25y4ZPréstamo en sala c17594d17594